On the Degrees of a Strongly Vertex-magic Graph

Saved in:
Bibliographic Details
Main Author: Balbuena, C.
Other Authors: Barker, E., Das, K.C, Lin, Y., Miller, M., Ryan, J., Slamin, Sugeng, K., Tkáč, Michal, 1958-
Format: Book Chapter
Language:English
Subjects:
Tags: Add Tag
No Tags, Be the first to tag this record!

MARC

LEADER 00000naa$a2200000$$$4500
001 0051113
005 20250922113132.5
041 0 |a eng 
044 |a NL 
245 1 0 |a On the Degrees of a Strongly Vertex-magic Graph  |c C. Balbuena, E. Barker, K.C. Das, Y. Lin, M. Miller, J. Ryan, Slamin, K. Sugeng, Michal Tkáč 
610 2 0 |a grafy 
610 2 0 |a matematika 
100 1 |a Balbuena, C. 
700 1 |a Barker, E. 
700 1 |a Das, K.C. 
700 1 |a Lin, Y. 
700 1 |a Miller, M. 
700 1 |a Ryan, J. 
700 1 |a Slamin 
700 1 |a Sugeng, K. 
700 1 |a Tkáč, Michal, 1958-